[Event "SVK-ch U20 rapid"]
[Site "Senec"]
[Date "2023.05.07"]
[Round "2"]
[White "Haring, Filip"]
[Black "Badinka, Adam"]
[Result "1-0"]
[WhiteElo "2362"]
[BlackElo "1862"]
[PlyCount "56"]
[EventDate "2023.05.07"]
[EventType "rapid"]
[EventRounds "7"]
[EventCountry "SVK"]
[SourceTitle "EXT 2024"]
[Source "ChessBase"]
[SourceDate "2023.10.10"]
[SourceVersion "1"]
[SourceVersionDate "2023.10.10"]
[SourceQuality "1"]

1. e4 e5 2. Nf3 Nc6 3. Bb5 Nf6 4. d3 Bc5 5. Bxc6 dxc6 6. 0-0 Bg4 7. Bg5 0-0 8. h3 Bxf3 9. Qxf3 Be7 10. Be3 Qd7 11. Nd2 Qe6 12. a4 Nd7 13. Nc4 Bc5 14. Bxc5 Nxc5 15. Qe3 Qe7 16. b3 f6 17. f4 exf4 18. Rxf4 Ne6 19. Rf5 g6 20. Rf2 Qc5 21. Raf1 Kg7 22. Qd2 Rad8 23. Kh1 Nd4 24. Qf4 Ne6 25. Qg4 Qe7 26. Qg3 Nd4 27. Qh4 Ne6 28. e5 f5 1-0